[Event "Turtle Speed # 30"]
[Site "SchemingMind.com"]
[Date "2009.03.28"]
[Round "-"]
[White "Nephi"]
[Black "n_antonov"]
[Result "0-1"]
[WhiteCountry "ENG"]
[BlackCountry "BUL"]
[WhiteElo "1579"]
[WhiteRD "76"]
[BlackElo "2218"]
[BlackRD "63"]
[GameID "198294"]

1. d4 d5 2. Nf3 Nf6 3. e3 g6 4. Bd3 Bg7 5. O-O O-O 6. Nbd2 Nbd7 7. c3 e5 8. dxe5 Ng4 9. h3 Ngxe5 10. Bc2 Nxf3+
11. Nxf3 Nc5 12. Qe2 b6 13. Rd1 Ba6 14. Qd2 c6 15. b4 Ne4 16. Bxe4 dxe4 17. Nd4 Qc7 18. Bb2 Rfd8 19. Qc1 Bc4 20. Nc2 Rxd1+
21. Qxd1 Rd8 22. Qe1 c5 23. a3 Qd6 24. Rc1 Qd2 25. Qxd2 Rxd2 26. Ba1 Bd3 27. Ne1 Ra2 28. Nxd3 exd3 29. Rd1 Rxa3 30. Bb2 Rb3
31. Ba1 c4
0-1

[Event "Turtle Speed # 30"]
[Site "SchemingMind.com"]
[Date "2009.03.28"]
[Round "-"]
[White "n_antonov"]
[Black "Nephi"]
[Result "1-0"]
[WhiteCountry "BUL"]
[BlackCountry "ENG"]
[WhiteElo "2218"]
[WhiteRD "63"]
[BlackElo "1579"]
[BlackRD "76"]
[GameID "198295"]

1. e4 c5 2. c3 d5 3. exd5 Qxd5 4. d4 Nf6 5. Nf3 Nc6 6. Be2 e6 7. O-O cxd4 8. cxd4 Be7 9. Nc3 Qd8 10. Bg5 O-O
11. Rc1 a6 12. Re1 b5 13. a4 b4 14. Bxf6 Bxf6 15. Ne4 Be7 16. Rxc6 Bb7 17. Ne5 Bxc6 18. Nxc6 Qd7 19. d5 Rfe8 20. Bc4 exd5
21. Ne5 Qc7 22. Qxd5 Bf8 23. Nxf7
1-0

[Event "Turtle Speed # 30"]
[Site "SchemingMind.com"]
[Date "2009.03.29"]
[Round "-"]
[White "twotone"]
[Black "Nephi"]
[Result "0-1"]
[WhiteCountry "ENG"]
[BlackCountry "ENG"]
[WhiteElo "1480"]
[WhiteRD "77"]
[BlackElo "1579"]
[BlackRD "76"]
[GameID "198428"]

1. d4 d5 2. b3 Nf6 3. Ba3 Nbd7 4. Nf3 e6 5. c4 Bxa3 6. Nxa3 O-O 7. e3 c6 8. cxd5 exd5 9. Bd3 Re8 10. O-O Ne4
11. Qc2 Ndf6 12. Nd2 Bf5 13. f3 Nxd2 14. Qxd2 Bxd3 15. Qxd3 Qe7 16. Rae1 Rad8 17. Nc2 a5 18. Rf2 b5 19. a3 Nh5 20. b4 a4
21. g3 Rd6 22. e4 dxe4 23. Rxe4 Qd7 24. Rfe2 Rxe4 25. Rxe4 Nf6 26. Re5 Re6 27. Rc5 h6 28. Kf2 Rd6 29. Qc3 Nd5 30. Qd3 Nb6
31. h4 Nc4 32. Rf5 Nb2 33. Qe4 Re6 34. Re5 Nd1+ 35. Ke1 Nc3 36. Qe3 Rxe5 37. Qxe5 Qe6 38. Ne3 Qxe5 39. Kd2 Nb1+ 40. Kc1 Qxe3+
0-1

[Event "Turtle Speed # 30"]
[Site "SchemingMind.com"]
[Date "2009.03.29"]
[Round "-"]
[White "twotone"]
[Black "n_antonov"]
[Result "0-1"]
[WhiteCountry "ENG"]
[BlackCountry "BUL"]
[WhiteElo "1480"]
[WhiteRD "77"]
[BlackElo "2218"]
[BlackRD "63"]
[GameID "198429"]

1. Nf3 Nf6 2. e3 g6 3. d4 Bg7 4. Nc3 O-O 5. d5 c6 6. e4 cxd5 7. exd5 Qa5 8. Bc4 Ne4 9. Nd4 Nxc3 10. Qd2 Qc5
11. Qxc3 Bxd4 12. Qd3 Bxf2+ 13. Kf1 d6 14. a3 Bg4 15. Bb3 Rc8 16. Bd2 a5 17. c3 Nd7 18. c4 Ne5 19. Rc1 Nxd3
0-1

[Event "Turtle Speed # 30"]
[Site "SchemingMind.com"]
[Date "2009.03.29"]
[Round "-"]
[White "Nephi"]
[Black "twotone"]
[Result "1/2-1/2"]
[WhiteCountry "ENG"]
[BlackCountry "ENG"]
[WhiteElo "1579"]
[WhiteRD "76"]
[BlackElo "1480"]
[BlackRD "77"]
[GameID "198430"]

1. e4 b6 2. d4 Bb7 3. Nc3 d5 4. Be3 dxe4 5. f3 Nf6 6. fxe4 Nxe4 7. Nxe4 Bxe4 8. Nf3 Qd6 9. Bd3 Bc6 10. O-O e6
11. c4 Be7 12. Ne5 f6 13. Nxc6 Nxc6 14. Be4 O-O-O 15. Qf3 Na5 16. b3 f5 17. Bc2 Qc6 18. Qxc6 Nxc6 19. Rad1 Nb4 20. Bb1 g5
21. a3 Nc6 22. d5 f4 23. Bxf4 gxf4 24. dxc6 Bd6 25. b4 e5 26. Bf5+ Kb8 27. Rf2 h6 28. Rfd2 Rhf8 29. Be4 Rde8 30. Kf2 a6
31. Rd5 Re6 32. c5 bxc5 33. bxc5 Be7 34. Rb1+ Kc8 35. Rb7 Rxc6 36. Rb3 Bxc5+ 37. Kf1 Rb6 38. Rxb6 Bxb6 39. Rxe5 Be3 40. Ke2 Kd7
41. Ra5 Rf6 42. Bd3 c5 43. Rxa6 Rd6 44. Bf5+ Kc7 45. Ra7+ Kb6 46. Re7 Rf6 47. Re6+ Rxe6 48. Bxe6 Kb5 49. Bd7+ Kc4 50. a4 Kb4
51. g3 c4 52. gxf4 Bxf4 53. h3 Kb3 54. a5 Bb8 55. Kd1 c3 56. Bf5 Kb2 57. a6 Ba7 58. h4 Bd4=
1/2-1/2

[Event "Turtle Speed # 30"]
[Site "SchemingMind.com"]
[Date "2009.03.29"]
[Round "-"]
[White "n_antonov"]
[Black "twotone"]
[Result "1-0"]
[WhiteCountry "BUL"]
[BlackCountry "ENG"]
[WhiteElo "2218"]
[WhiteRD "63"]
[BlackElo "1480"]
[BlackRD "77"]
[GameID "198431"]

1. d4 d5 2. c4 e6 3. Nc3 b6 4. Nf3 Bb7 5. cxd5 exd5 6. e4 dxe4 7. Ne5 Nf6 8. Bc4 Nd5 9. Nxf7 Kxf7 10. Nxd5 Bxd5
11. Qh5+ Ke6 12. Qe5+ Kd7 13. Qxd5+ Bd6 14. Qe6+ Kc6 15. Qxe4+ Kd7 16. Qf5+ Ke8 17. Qf7#
1-0

[Event "Turtle Speed # 30"]
[Site "SchemingMind.com"]
[Date "2009.04.02"]
[Round "-"]
[White "Archon"]
[Black "twotone"]
[Result "1-0"]
[WhiteCountry "CAN"]
[BlackCountry "ENG"]
[WhiteElo "1683"]
[WhiteRD "59"]
[BlackElo "1480"]
[BlackRD "77"]
[GameID "199051"]

1. d4 d5 2. e4 dxe4 3. Nc3 Nf6 4. f3 exf3 5. Nxf3 c6 6. Bc4 e6 7. O-O b5 8. Bd3 Bb4 9. Bg5 Nbd7 10. Ne4 Be7
11. c3 Bb7 12. Qe2 O-O 13. Ne5 c5 14. Nxd7 Nd5 15. Bxe7 Qxe7 16. Nxf8 Qxf8 17. Nxc5 Qe7 18. Bxb5 a6 19. Bd3 Nf4 20. Rxf4 Qg5
21. Raf1 Bc6 22. Be4 Bxe4 23. Nxe4 Qb5 24. Qxb5 axb5 25. a3 f5 26. Nd6 Rb8 27. Nxf5 exf5 28. Rxf5 g6 29. Rf7 h5 30. h4
1-0

[Event "Turtle Speed # 30"]
[Site "SchemingMind.com"]
[Date "2009.04.02"]
[Round "-"]
[White "Archon"]
[Black "Nephi"]
[Result "1-0"]
[WhiteCountry "CAN"]
[BlackCountry "ENG"]
[WhiteElo "1683"]
[WhiteRD "59"]
[BlackElo "1579"]
[BlackRD "76"]
[GameID "199052"]

1. d4 d5 2. e4 dxe4 3. Nc3 Nf6 4. f3 exf3 5. Nxf3 Bg4 6. h3 Bxf3 7. Qxf3 c6 8. Be3 e6 9. Bd3 Nbd7 10. g4 Be7
11. O-O-O Nd5 12. Rhf1 O-O 13. Bd2 Nxc3 14. Bxc3 Nf6 15. g5 Nd5 16. Bd2 Bxg5 17. Bxg5 Qxg5+ 18. Kb1 Qe7 19. h4 Nf6 20. h5 h6
21. Rg1 Rfd8 22. Qf4 Nxh5 23. Qh2 Rd5 24. c3 Rg5 25. Rxg5 Qxg5 26. Rg1 Qd5 27. Qd2 g5 28. Bc2 c5 29. Qd3 f5 30. Qh3 Nf4
31. Qxh6 g4 32. Qxf4
1-0

[Event "Turtle Speed # 30"]
[Site "SchemingMind.com"]
[Date "2009.04.02"]
[Round "-"]
[White "Archon"]
[Black "n_antonov"]
[Result "0-1"]
[WhiteCountry "CAN"]
[BlackCountry "BUL"]
[WhiteElo "1683"]
[WhiteRD "59"]
[BlackElo "2218"]
[BlackRD "63"]
[GameID "199053"]

1. d4 d5 2. e4 dxe4 3. Nc3 Nf6 4. f3 exf3 5. Nxf3 Bg4 6. h3 Bh5 7. g4 Bg6 8. Bg2 Nc6 9. Be3 Qd6 10. Qd2 Ne4
11. Nxe4 Bxe4 12. a3 O-O-O 13. O-O-O Qd5 14. Rh2 Bxf3
0-1

[Event "Turtle Speed # 30"]
[Site "SchemingMind.com"]
[Date "2009.04.03"]
[Round "-"]
[White "twotone"]
[Black "Archon"]
[Result "0-1"]
[WhiteCountry "ENG"]
[BlackCountry "CAN"]
[WhiteElo "1451"]
[WhiteRD "77"]
[BlackElo "1710"]
[BlackRD "56"]
[GameID "199055"]

1. d4 g6 2. e4 Bg7 3. Nf3 d6 4. Bc4 e6 5. Be3 b6 6. O-O Bb7 7. Nc3 Ne7 8. d5 e5 9. b4 a6 10. Ne2 Bc8
11. Bb3 O-O 12. c4 a5 13. b5 Nd7 14. Bg5 f6 15. Be3 Nc5 16. Nd2 f5 17. Bc2 f4 18. Bxc5 bxc5 19. a4 g5 20. g3 h5
21. Nf3 Ng6 22. Ra3 g4 23. Nd2 fxg3 24. fxg3 Bh6 25. Rf2 Rxf2 26. Kxf2 Qf6+ 27. Kg2 Bd7 28. Qf1 Rf8 29. Qxf6 Rxf6 30. Nf1 h4
31. Bd1 hxg3 32. hxg3 Nh8 33. Ng1 Nf7 34. Ne3 Ng5 35. Bxg4 Bxg4 36. Nxg4 Rg6 37. Nxh6+ Rxh6 38. g4 Nxe4 39. Nf3 Rg6 40. Nh2 Nf6
41. Rg3 Ne4 42. Re3 Ng5 43. Nf3 Nxf3 44. Kxf3 Rh6 45. Ke4 Kg7 46. g5 Rh4+ 47. Kd3 Kg6 48. Rg3 Rh5 49. Ke4 Rxg5 50. Rb3 Rg4+
51. Kd3 Rg3+ 52. Kc2 Rxb3 53. Kxb3 Kf5 54. Kc3 Kf4 55. Kd3 Kf3 56. Kd2 e4
0-1

[Event "Turtle Speed # 30"]
[Site "SchemingMind.com"]
[Date "2009.04.03"]
[Round "-"]
[White "Nephi"]
[Black "Archon"]
[Result "1-0"]
[WhiteCountry "ENG"]
[BlackCountry "CAN"]
[WhiteElo "1614"]
[WhiteRD "75"]
[BlackElo "1710"]
[BlackRD "56"]
[GameID "199056"]

1. e4 g6 2. d4 Bg7 3. Nf3 d6 4. Be3 a6 5. Bd3 Nc6 6. c3 e5 7. Nbd2 Nge7 8. d5 Nb8 9. O-O Bg4 10. h3 Bd7
11. c4 O-O 12. c5 Be8 13. cxd6 cxd6 14. Rc1 Nd7 15. Nc4 Nf6 16. Bb6 Qd7 17. Be3 Nc8 18. Nb6 Nxb6 19. Bxb6 Rc8 20. Rxc8 Qxc8
21. Qd2 Nd7 22. Rc1 Nxb6 23. Rxc8 Nxc8 24. a3 Na7 25. Qe3 Nb5 26. Qb6 Nd4 27. Nxd4 exd4 28. Qxb7 Bb5 29. Bxb5 axb5 30. Qxb5 d3
31. Qxd3 Bxb2 32. a4 Ra8 33. Qb3 Be5 34. Qb5 Kg7 35. a5 Kf6 36. a6 Bd4 37. Qc6 Rd8 38. Qc7 Ra8 39. Qxd6+ Kg7 40. Qc6 Ra7
41. Qc4 Bb6 42. d6
1-0

[Event "Turtle Speed # 30"]
[Site "SchemingMind.com"]
[Date "2009.04.02"]
[Round "-"]
[White "n_antonov"]
[Black "Archon"]
[Result "1-0"]
[WhiteCountry "BUL"]
[BlackCountry "CAN"]
[WhiteElo "2218"]
[WhiteRD "63"]
[BlackElo "1683"]
[BlackRD "59"]
[GameID "199057"]

1. e4 g6 2. d4 Bg7 3. Nc3 d6 4. Be3 a6 5. Qd2 Nd7 6. h4 h5 7. Nf3 e5 8. O-O-O Ne7 9. Kb1 c6 10. Ng5 O-O
11. dxe5 dxe5 12. Qd6 Kh8 13. g4 Ng8 14. Nxf7+ Rxf7 15. Qxg6 hxg4 16. Qxf7 Qf6 17. Rxd7 Bxd7 18. Qxd7 Qf3 19. Rg1 Nf6 20. Qxb7 Rd8
21. Bg2
1-0

[Event "Turtle Speed # 30"]
[Site "SchemingMind.com"]
[Date "2009.04.02"]
[Round "-"]
[White "Tuirgin"]
[Black "twotone"]
[Result "0-1"]
[WhiteCountry "USA"]
[BlackCountry "ENG"]
[WhiteElo "1337"]
[WhiteRD "127"]
[BlackElo "1480"]
[BlackRD "77"]
[GameID "199067"]

1. e4 c5 2. Nf3 Nc6 3. d4 cxd4 4. Nxd4 e5 5. Nb5 Nf6 6. N1c3 a6 7. Nd6+ Bxd6 8. Qxd6 Qe7 9. Qd1 d6 10. Bg5 O-O
11. Bxf6 Qxf6 12. Bc4 b5 13. Bd5 Bb7 14. O-O Rac8 15. Qg4 Qe7 16. Rae1 Nd8 17. Re3 b4 18. Bxb7 Nxb7 19. Ne2 Rxc2 20. Rb1 Na5
21. Ng3 Nc4 22. Rf3 Nd2 23. Re1 Nxf3+ 24. Qxf3 Rxb2 25. Ra1 Rc8 26. Qe3 Rcc2 27. h3 Qe6 28. Kh2 Rxf2 29. Rf1 Rxg2+ 30. Kh1 Rh2+
0-1

[Event "Turtle Speed # 30"]
[Site "SchemingMind.com"]
[Date "2009.04.02"]
[Round "-"]
[White "Tuirgin"]
[Black "Nephi"]
[Result "0-1"]
[WhiteCountry "USA"]
[BlackCountry "ENG"]
[WhiteElo "1337"]
[WhiteRD "127"]
[BlackElo "1579"]
[BlackRD "76"]
[GameID "199068"]

1. e4 c5 2. Nf3 Nc6 3. Bb5 a6 4. Bxc6 bxc6 5. O-O d5 6. d3 e6 7. Nc3 Nf6 8. b3 d4 9. Ne2 Be7 10. c3 dxc3
11. d4 cxd4 12. Qd3 c5 13. b4 Bb7 14. a3 cxb4 15. Nfxd4 e5 16. Rb1 exd4 17. Nxd4 Bxe4 18. Qg3 Bxb1 19. Ne2 Nh5 20. Qe5 Nf6
21. Re1 O-O 22. Nd4 Bd6 23. Qf5 Bxf5 24. Nxf5 b3 25. Bg5 Bxa3 26. g3 b2
0-1

[Event "Turtle Speed # 30"]
[Site "SchemingMind.com"]
[Date "2009.04.03"]
[Round "-"]
[White "Tuirgin"]
[Black "Archon"]
[Result "0-1"]
[WhiteCountry "USA"]
[BlackCountry "CAN"]
[WhiteElo "1267"]
[WhiteRD "105"]
[BlackElo "1710"]
[BlackRD "56"]
[GameID "199069"]

1. e4 g6 2. d4 Bg7 3. Nc3 d6 4. Nf3 a6 5. Be3 b5 6. Bd3 Nd7 7. a4 b4 8. Ne2 a5 9. Bf4 c5 10. e5 cxd4
11. O-O dxe5 12. Bg3 Bb7 13. Re1 Nh6 14. Nxe5 O-O 15. Bb5 Nxe5 16. Nxd4 Nhg4 17. h3 Nxf2 18. Kxf2 Ng4+ 19. hxg4 Bxd4+ 20. Kf1 e5
21. Bxe5 Qh4 22. Bxd4 Qh1+ 23. Ke2 Qxg2+ 24. Bf2 Rfe8+ 25. Kd2 Qxf2+ 26. Re2 Rad8+ 27. Kc1 Rxd1+ 28. Kxd1 Rxe2 29. Bxe2 Qg1+
0-1

[Event "Turtle Speed # 30"]
[Site "SchemingMind.com"]
[Date "2009.04.02"]
[Round "-"]
[White "Tuirgin"]
[Black "n_antonov"]
[Result "0-1"]
[WhiteCountry "USA"]
[BlackCountry "BUL"]
[WhiteElo "1337"]
[WhiteRD "127"]
[BlackElo "2218"]
[BlackRD "63"]
[GameID "199070"]

1. e4 e5 2. Nf3 Nc6 3. Bb5 a6 4. Ba4 b5 5. Bb3 Nf6 6. O-O Be7 7. Re1 O-O 8. a4 Bb7 9. d3 d6 10. Nc3 Na5
11. Ba2 b4 12. Ne2 c5 13. c3 Qb6 14. Ng5 b3 15. Bb1 d5 16. d4 Nxe4 17. Nxe4 dxe4 18. Be3 Rad8 19. Ng3 f5 20. Bh6 Qxh6
21. Qh5 Qxh5 22. Nxh5 g6 23. Ng3 cxd4 24. Ne2 d3 25. Nc1 d2 26. Rf1 d1=Q 27. h3 Qxf1+ 28. Kxf1 Rd1+
0-1

[Event "Turtle Speed # 30"]
[Site "SchemingMind.com"]
[Date "2009.04.02"]
[Round "-"]
[White "twotone"]
[Black "Tuirgin"]
[Result "1-0"]
[WhiteCountry "ENG"]
[BlackCountry "USA"]
[WhiteElo "1451"]
[WhiteRD "77"]
[BlackElo "1267"]
[BlackRD "105"]
[GameID "199072"]

1. e4 e5 2. Nf3 Nc6 3. Bc4 Nf6 4. Nc3 Bb4 5. Nd5 Nxe4 6. O-O d6 7. a3 Bg4 8. axb4 O-O 9. Ne3 Qd7 10. d3 Ne7
11. dxe4 c6 12. Nxg4 Qxg4 13. Ng5 Qd7 14. Qf3 d5 15. Bd3 Qd6 16. exd5 cxd5 17. Nxh7 Rfc8 18. Qg3 Qb6 19. Ng5 e4 20. Be3 Qxb4
21. Qh4 Nf5 22. Qh7+ Kf8 23. Qxf5 f6 24. Ne6+ Kg8 25. Be2 Rxc2 26. Nd4 Rxb2 27. Qe6+ Kh7 28. Qxd5 a6 29. Qxe4+ g6 30. Qh4+ Kg7
31. Qh6+ Kf7 32. Qh7+ Kf8 33. Bh6+ Ke8 34. Qxg6+ Ke7 35. Qg7+ Kd6 36. Qxf6+ Kd5 37. Bf3+ Kc5 38. Rfc1+ Qc4 39. Rxc4+ Kxc4 40. Rc1+ Kb4
41. Qd6+
1-0

[Event "Turtle Speed # 30"]
[Site "SchemingMind.com"]
[Date "2009.04.02"]
[Round "-"]
[White "Nephi"]
[Black "Tuirgin"]
[Result "1-0"]
[WhiteCountry "ENG"]
[BlackCountry "USA"]
[WhiteElo "1614"]
[WhiteRD "75"]
[BlackElo "1267"]
[BlackRD "105"]
[GameID "199073"]

1. d4 d5 2. e4 e6 3. Be3 dxe4 4. f3 exf3 5. Nxf3 Nf6 6. Bd3 Be7 7. Nbd2 b6 8. O-O Bb7 9. c3 Nbd7 10. Qc2 O-O
11. Ne4 Bd6 12. Nxd6 cxd6 13. Bg5 Qc7 14. Rae1 Rfe8 15. Bb5 a6 16. Ba4 Rec8 17. Bb3 e5 18. dxe5 dxe5 19. Qe2 a5 20. Nxe5 Ba6
21. Bxf7+ Kf8 22. Nxd7+ Qxd7 23. Be6 Bxe2 24. Bxd7 Bxf1 25. Bxc8 Bb5 26. Bb7 Re8 27. Rxe8+ Bxe8 28. Kf2 Ng4+ 29. Kg3 Bd7 30. Bd8 h5
31. Bxb6 g5 32. Bc5+ Kf7 33. Bd5+ Be6 34. Bxe6+ Kxe6 35. h3 h4+ 36. Kxg4
1-0

[Event "Turtle Speed # 30"]
[Site "SchemingMind.com"]
[Date "2009.04.03"]
[Round "-"]
[White "Archon"]
[Black "Tuirgin"]
[Result "1/2-1/2"]
[WhiteCountry "CAN"]
[BlackCountry "USA"]
[WhiteElo "1710"]
[WhiteRD "56"]
[BlackElo "1267"]
[BlackRD "105"]
[GameID "199074"]

1. d4 Nf6 2. Nc3 d5 3. e4 dxe4 4. f3 c6 5. Nxe4 Nxe4 6. fxe4 e5 7. Nf3 exd4 8. Qxd4 Qxd4 9. Nxd4 Bc5 10. Be3 O-O
11. O-O-O Rd8 12. Bc4 Bg4 13. Rd2 Nd7 14. Rf1 Ne5 15. h3 Bh5 16. Bb3 Bg6 17. Nf5 Bxe3 18. Nxe3 Bxe4 19. Rdf2 Bg6 20. Nc4 Nxc4
21. Bxc4 Rf8 22. g4 h5 23. g5 Kh7 24. h4 Be4 25. Bb3 g6 26. Rf6 c5 27. c3 b6 28. Bc2 Rae8 29. Bxe4 Rxe4 30. Rxf7+ Rxf7
31. Rxf7+ Kg8 32. Rxa7 Rxh4 33. Rb7 Rg4 34. Rxb6 Rxg5 35. a4 Rg1+ 36. Kc2 h4 37. a5 h3 38. a6 h2 39. a7 h1=Q 40. Rb8+ Kh7
41. a8=Q Qxa8 42. Rxa8 Rf1 43. b4 Rf5 44. b5 Rf7 45. c4 Rb7 46. Ra6 Kh6 47. Rc6 Kh5 48. Rxc5+ g5 49. Kb3 Kh4 50. Kb4 g4
51. Rc8 Kh3 52. Rh8+ Kg3 53. Rg8 Kf3 54. c5 g3 55. c6 Rc7 56. Kc5 g2 57. b6 Rc8 58. b7 Rxg8 59. c7 g1=Q+ 60. Kc6 Qc1+
61. Kb6 Qb2+ 62. Kc6 Qf6+ 63. Kd7 Qf7+ 64. Kc6 Qe6+ 65. Kc5 Qd7 66. b8=Q Rc8 67. Qb3+ Ke4 68. Qc4+ Kf3 69. Qf1+ Kg4= 70. Qg1+ Kf5
71. Qf1+ Ke6 72. Qh3+ Ke7 73. Qh7+ Ke8 74. Qg8+ Ke7 75. Qg7+ Ke8 76. Qg8+ Ke7 77. Qg7+ Ke8 78. Qg8+
1/2-1/2

[Event "Turtle Speed # 30"]
[Site "SchemingMind.com"]
[Date "2009.04.02"]
[Round "-"]
[White "n_antonov"]
[Black "Tuirgin"]
[Result "1-0"]
[WhiteCountry "BUL"]
[BlackCountry "USA"]
[WhiteElo "2218"]
[WhiteRD "63"]
[BlackElo "1337"]
[BlackRD "127"]
[GameID "199075"]

1. d4 d5 2. c4 e6 3. Nc3 Nf6 4. Bg5 Be7 5. e3 O-O 6. Nf3 Nbd7 7. Rc1 c6 8. Bd3 dxc4 9. Bxc4 Nd5 10. Bxe7 Qxe7
11. Ne4 Qb4+ 12. Qd2 N7b6 13. Be2 e5 14. Qxb4 Nxb4 15. a3 Bf5 16. Nc5 Na2 17. Ra1 Bg4 18. Nxe5 Bxe2 19. Kxe2 f6 20. Ned3 Nc4
21. Nxb7 Rfb8 22. Nbc5 Nxb2 23. Rxa2 Nc4 24. Rc1 Na5 25. e4 Rb6 26. Nb4 Rbb8 27. f4 g6 28. d5 g5 29. Nd7 Rc8 30. Nxf6+ Kg7
31. fxg5
1-0